<The> Perils of tax smoothing: sustainable fiscal policy with random shocks to permanent output

Salvato in:
Dettagli Bibliografici
Autore principale: Tanner, Evan
Altri autori: Carey, Kevin
Natura: Capitolo di libro
Lingua:inglese
Soggetti:
Tags: Aggiungi Tag
Nessun Tag, puoi essere il primo ad aggiungerne!!

MARC

LEADER 00000naa$a2200000$$$4500
001 0092931
005 20231010112228.5
041 0 |a eng 
044 |a CZ 
245 1 0 |a <The> Perils of tax smoothing: sustainable fiscal policy with random shocks to permanent output  |c Evan Tanner, Kevin Carey 
610 2 0 |a politika fiškálna 
610 2 0 |a dane 
610 2 0 |a dlhy 
610 2 0 |a vyrovnanie daňové 
610 2 0 |a simulácia 
610 2 0 |a prostredie ekonomické 
100 1 |a Tanner, Evan 
700 1 |a Carey, Kevin